| 000 | 01803nam a22003137a 4500 | ||
|---|---|---|---|
| 999 |
_c22092 _d22092 |
||
| 003 | AR-CdUCM | ||
| 008 | 190425b ||||| |||| 00| 0 spa d | ||
| 040 |
_aMUNICIPALIDAD PROVINCIAL DEL CUSCO _cBIBLIOTECA MUNICIPAL DEL CUSCO |
||
| 082 | _aParlante/N°96/2008 | ||
| 110 |
_aCentro Guamán Poma de Ayala _920511 |
||
| 245 |
_aParlante : _bRevista del Cusco / |
||
| 260 |
_aCusco : _bCentro de Educación y Comunicación Guamán Poma de Ayala, _c2008. |
||
| 300 |
_a32 páginas. : _bilustraciones ; _c30 cm. |
||
| 440 |
_aParlante revista del Cusco. _nAño 23, N°96, junio-julio 2008. _947427 |
||
| 505 | _aContenido: Daniel Estrada, pensamiento vivo a propósito de la utopía descentralista. Alberto García Campana. -- Los obispos de américa latina y la cumbre con la Unión Europea. -- Plazas que respiran luz. Adriana Peralta. -- El agua en la cosmovisión andina, el pastor que encontró agua para su comunidad. Ricardo Valderrama Fernández. -- El Regional, un hospital sin emergencias. Juan Galiano Román. -- La insoportable levedad del frio. Omar Paredes. -- Luces y sombras de los juegos trasandinos. Juan Galiano Román. -- Justicia para Marcelino Valencia y Zacarias Pasca. Adriana Peralta. -- Cuando se criminaliza la protesta social se le quita la voz al pueblo. | ||
| 650 |
_aActualidad y política _947410 |
||
| 650 |
_aCentro Histórico Cusco _946767 |
||
| 650 |
_aEducación, cultura y deportes _947422 |
||
| 650 |
_aMedio ambiente _947423 |
||
| 650 |
_aSalud _98684 |
||
| 700 |
_aPeralta, Adriana _947414 |
||
| 710 |
_aGarcía Campana, Alberto _947428 |
||
| 710 |
_aValderrama Fernández, Ricardo _947429 |
||
| 710 |
_aParedes, Omar _947430 |
||
| 710 |
_aGaliano Román, Juan _947431 |
||
| 710 |
_aCentro Guamán Poma de Ayala _920511 |
||
| 942 |
_2ddc _cPP |
||
| 945 | _avhl | ||